000 00859nam a2200229 a 4500
001 000030896
003 DO-SdBNP
005 20250602113835.0
008 110603s1935 dr c r 000 | spa d
040 _aDO-SdBNP
_bspa
_cBNPHU
082 _a 970.016
_bS211d
100 1 _aSánchez Lustrino, Gilberto
_937800
245 1 0 _aDon Gonzálo Fernández de Oviedo y Valdez /
_cGilberto Sánchez Lustrino.
260 _aSanto Domingo :
_bImpresora Listín Diario,
_c1935.
300 _a15 p. :
_bretrs. ;
_c20 cm.
590 _aInventariado, 2018/VM
600 1 4 _aFernández de Oviedo y Valdés, Gonzalo,
_d1478-1557
_957420
650 4 _aExploradores
_96584
_zEspaña
_vBiografías
651 0 _aAmérica del Sur
_xHistoria
_yGuerras de Independencia, 1806-1830
_vEnsayo, conferencias, etc.
_94537
910 _aValidado. Control de calidad MFF
942 _2ddc
_cLBS1
999 _c30388
_d30388